A course in number theory and cryptography

Αποθηκεύτηκε σε:
Λεπτομέρειες βιβλιογραφικής εγγραφής
Κύριος συγγραφέας: Koblitz, Neal 1948-
Μορφή: Βιβλίο
Γλώσσα:English
Δημοσίευση: New York : Springer-Verlag, c1994
Έκδοση:2η έκδ.
Σειρά:Graduate texts in mathematics ; ; 114
Θέματα:
Ετικέτες: Προσθήκη ετικέτας
Δεν υπάρχουν, Καταχωρήστε ετικέτα πρώτοι!

MARC

LEADER 00000nam a2200000 i 4500
001 1/69449
008 050113s1994 eng d
020 |a 0-387-94293-9 
035 |l 10075957 
040 |a GR-MY-UA  |b gre  |e aacr 
041 0 |a eng 
082 0 |a 512.7  |2 (21) 
100 1 |a Koblitz, Neal  |d 1948- 
245 1 2 |a A course in number theory and cryptography /  |c Neal Koblitz 
250 |a 2η έκδ. 
260 |a New York :   |b Springer-Verlag,   |c c1994 
300 |a x, 235 σ.;  |b εικ.;  |c 25 εκ. 
490 1 |a Graduate texts in mathematics  |v ; 114 
504 |a Περιέχει βιβλιογραφικές αναφορές και ευρτήριο 
650 0 0 |a Number theory. 
650 0 0 |a Cryptography. 
830 0 |a Graduate texts in mathematics ;  |v ; 114 
852 |a INST  |b SAMOS  |e 20050113  |h 512.7 KOB  |p 005300022570  |q 005300022570  |t BK  |y 0 
901 |a BIBL3-2005-1 
909 |a Σ  |b 114122 
920 |a ΔΙΕΥΡΥΝΣΗ  |b ΕΠΕΑΕΚ-ΤΜΠΕΣ  |y ΣΑΜΟΣ  |z 2004-10 
970 |a ΚΟΣΙΕΡΗΣ  |b ΧΡΗΣΤΟΣ  |z 2005/01/13